00989nam a2200265Ia 4500003000900000008004100009020002200050040001600072080002000088100002900108245014000137250001200277260003900289300001500328490006500343650003400408650002700442650002700469650001900496700002800515700003100543942000700574999001700581952012500598IN-BaIIA211028s9999 xx 000 0 eng d a978-0-201-51884-9 cIIA Library a621.389.04bFRA aFranklin, Gene F.918053 0aDigital control of dynamic systemscGene F. Franklin, David J. Powell and Michael L. Workman  a2nd ed. aMasachusettsbAddison-Wesleyc1990 axxi, 837p. aAddison-Wesley series in electrical and computer engineering aControl systems design918054 aDigital control918055 aDynamic systems918056 aNASA Thesaurus aPowell, David J.918057 aWorkman, Michael L.918058 cBK c10586d10586 00104070aBANbBANcGENd1993-02-11g535.85l0o621.389.04/ FRAp11497r2021-11-05v535.85w1993-02-11yBKGRs. 535.85